Central Library OPAC University of Rajshahi

Turkestan in the nineteenth century : (Record no. 27246)

MARC details
000 -LEADER
fixed length control field 01024cam a2200289 a 4500
001 - CONTROL NUMBER
control field 27246
003 - CONTROL NUMBER IDENTIFIER
rucl marc code BD-RjUL
005 - DATE AND TIME OF LATEST TRANSACTION
control field 20211209051130.0
008 - FIXED-LENGTH DATA ELEMENTS--GENERAL INFORMATION
fixed length control field 140324s1959 enkb b 000 0 eng d
035 ## - SYSTEM CONTROL NUMBER
System control number (BD-RjUL)27318
System control number (OCoLC)396739
040 ## - CATALOGING SOURCE
Original cataloging agency ODaWU
Transcribing agency ODaWU
Modifying agency BD-RjUL
Language of cataloging eng
041 ## - LANGUAGE CODE
Language code of text/sound track or separate title eng
082 00 - DEWEY DECIMAL CLASSIFICATION NUMBER
Classification number 958.4
Author mark and year HOT 1959
100 1# - MAIN ENTRY--PERSONAL NAME
Personal name Holdsworth, Mary.
9 (RLIN) 83602
245 10 - TITLE STATEMENT
Title Turkestan in the nineteenth century :
Remainder of title a brief history of the khanates of Bukhara, Kokand, and Khiva /
Statement of responsibility, etc. by Mary Holdsworth.
260 ## - PUBLICATION, DISTRIBUTION, ETC. (IMPRINT)
Place of publication, distribution, etc. London :
Name of publisher, distributor, etc. Issued by the Central Asian Research Centre in association with St. Antony's College (Oxford) Soviet Affairs Study Group,
Date of publication, distribution, etc. 1959.
300 ## - PHYSICAL DESCRIPTION
Pagination ii, 81 p. :
Illustrations map ;
Size 26 cm.
504 ## - BIBLIOGRAPHY, ETC. NOTE
Bibliography, etc Includes bibliographical references.
651 #0 - SUBJECT ADDED ENTRY--GEOGRAPHIC NAME
Geographic name Asia, Central
General subdivision History.
9 (RLIN) 69616
Geographic name Kokandskoe khanstvo.
9 (RLIN) 83603
Geographic name Khiva (Uzbekistan)
9 (RLIN) 74473
Geographic name Khanate of Bukhara.
9 (RLIN) 78319
942 ## - ADDED ENTRY ELEMENTS (KOHA)
Source of classification or shelving scheme Dewey Decimal Classification
Koha item type Books
Holdings
Lost status Source of classification or shelving scheme Damaged status Not for loan Collection code Permanent Location Current Location Shelving location Date acquired Source of acquisition Cost, normal purchase price Total Checkouts Full call number Date last seen Copy number Koha item type
  Dewey Decimal Classification     Non-fiction Central Library, University of Rajshahi Central Library, University of Rajshahi   13/01/1967 Royal Book co, 11.25   958.4 HOT 1959 24/03/2014 C-3 Books
  Dewey Decimal Classification     Non-fiction Central Library, University of Rajshahi Central Library, University of Rajshahi   13/01/1967 Royal Book co, 11.25   958.4 HOT 1959 24/03/2014 C-2 Books
  Dewey Decimal Classification   Added to bundle Non-fiction Central Library, University of Rajshahi Central Library, University of Rajshahi Reading Room 13/01/1967 Royal Book co, 11.25   958.4 HOT 1959 24/03/2014 C-1 Books